[Event "17. Int. Offene Wiener Schachmeisterschaft 2011 A-
[Site "Grosser Festsaal im Wiener Rathaus"]
[Date "2011.08.13"]
[Round "1"]
[Board "1"]
[White "Danner, Georg"]
[Black "Petschar, Hans"]
[Result "1-0"]
[WhiteElo "2401"]
[BlackElo "2081"]
[PlyCount "97"]
[EventDate "2011.08.13"]
[EventRounds "9"]
[EventCountry "AUT"]

1.d4 Nf6 2.Nf3 g6 3.c4 Bg7 4.Nc3 d6 5.e4 O-O 6.Be2 e5 7.d5 a5 8.O-O Na6 9.Ne1
Nc5 10.f3 Ne8 11.Be3 f5 12.exf5 gxf5 13.Nd3 b6 14.Qd2 Nf6 15.Nxc5 bxc5 16.a4 f4
17.Bf2 Bf5 18.Bd3 Qd7 19.Bh4 Bxd3 20.Qxd3 e4 21.fxe4 Ng4 22.Qh3 Bd4+ 23.Kh1 Qg7
24.Ne2 Be5 25.Rf3 Rab8 26.Rb1 Ne3 27.g3 Qg4 28.Qxg4+ Nxg4 29.gxf4 Bg7 30.b3 Rbe8
31.Ng3 Ne5 32.Rff1 Nd3 33.f5 Bd4 34.Kg2 Kf7 35.Rbd1 Nb2 36.Rd2 Rb8 37.Rf3 Rg8
38.Kh3 Rb4 39.Ne2 Be5 40.Bg3 Bf6 41.e5 dxe5 42.Rxb2 e4 43.Rc3 Rgb8 44.Bxc7 R8b7
45.d6 Ke8 46.Kg4 Kd7 47.Rbc2 Bxc3 48.Nxc3 Rxb3 49.Nxe4 1-0

[Event "17. Int. Offene Wiener Schachmeisterschaft 2011 A-
[Site "Grosser Festsaal im Wiener Rathaus"]
[Date "2011.08.13"]
[Round "1"]
[Board "1"]
[White "Van Den Ouden, Lendert"]
[Black "Poetsch, Hagen"]
[Result "0-1"]
[WhiteElo "2001"]
[BlackElo "2403"]
[PlyCount "80"]
[EventDate "2011.08.13"]
[EventRounds "9"]
[EventCountry "AUT"]

1.Nf3 d5 2.d4 Nc6 3.c4 Bg4 4.Nc3 e6 5.Bf4 Nf6 6.e3 Bb4 7.a3 Bxc3+ 8.bxc3 O-O
9.h3 Bh5 10.Bg5 h6 11.Bxf6 Qxf6 12.cxd5 exd5 13.Be2 Rfd8 14.O-O Na5 15.Ne5 Bxe2
16.Qxe2 c5 17.Rab1 Rac8 18.Rfc1 Qe7 19.a4 b6 20.Qd3 Nb7 21.Nf3 Qd7 22.Ne5 Qc7
23.Qd1 Nd6 24.Nf3 Qd7 25.Ne5 Qe6 26.Qd3 Rc7 27.Rc2 Qe8 28.Ra2 Rdc8 29.Rf1 Ne4
30.Nf3 cxd4 31.cxd4 Nc3 32.Raa1 Nxa4 33.Qb3 Nc3 34.Ra6 Ne2+ 35.Kh2 Qe6 36.Rfa1
Qd6+ 37.g3 Rc3 38.Qd1 Rxe3 39.Kg2 Nc3 40.Qc1 Re2 0-1

[Event "17. Int. Offene Wiener Schachmeisterschaft 2011 A-
[Site "Grosser Festsaal im Wiener Rathaus"]
[Date "2011.08.13"]
[Round "1"]
[Board "1"]
[White "Biti, Ozren"]
[Black "Hofbauer, Peter"]
[Result "1/2-1/2"]
[WhiteElo "2400"]
[BlackElo "2080"]
[PlyCount "99"]
[EventDate "2011.08.13"]
[EventRounds "9"]
[EventCountry "AUT"]

1.e4 Nf6 2.e5 Nd5 3.d4 d6 4.c4 Nb6 5.exd6 exd6 6.Nc3 Be7 7.h3 O-O 8.Nf3 Nc6
9.Be2 Re8 10.O-O Bf5 11.d5 Ne5 12.Nd4 Bd7 13.b3 c6 14.dxc6 Nxc6 15.Ndb5 Nb4
16.Bb2 Bxb5 17.Nxb5 d5 18.a3 Nc6 19.cxd5 Nxd5 20.Bc4 Bf6 21.Bxd5 Bxb2 22.Nd6 Ne5
23.Nxe8 Bxa1 24.Qxa1 Qe7 25.Nxg7 Kxg7 26.Bxb7 Rb8 27.Bd5 f6 28.Kh1 Qc5 29.Be6
Qc6 30.Bf5 Rxb3 31.a4 Ng6 32.Qd4 Qb7 33.Rd1 Ne5 34.f4 Nf7 35.Be6 Rb2 36.Bd5 Qb6
37.Bxf7 Kxf7 38.Qd7+ Kg6 39.Qg4+ Kh6 40.Qh4+ Kg6 41.Kh2 Qe6 42.Rd3 Rxg2+ 43.Kxg2
Qe2+ 44.Qf2 Qxd3 45.Qxa7 h5 46.f5+ Qxf5 47.Qd4 Qc2+ 48.Kg3 Qb3+ 49.Kg2 Qc2+
50.Kg3 1/2-1/2

[Event "17. Int. Offene Wiener Schachmeisterschaft 2011 A-
[Site "Grosser Festsaal im Wiener Rathaus"]
[Date "2011.08.13"]
[Round "1"]
[Board "1"]
[White "Collareta, Giovanni"]
[Black "Zeller, Frank"]
[Result "0-1"]
[WhiteElo "2078"]
[BlackElo "2395"]
[PlyCount "54"]
[EventDate "2011.08.13"]
[EventRounds "9"]
[EventCountry "AUT"]

1.c4 Nf6 2.Nf3 c5 3.Nc3 e6 4.g3 b6 5.Bg2 Bb7 6.O-O Be7 7.d4 cxd4 8.Qxd4 d6 9.Rd1
a6 10.b3 Nbd7 11.e4 Qc8 12.Bb2 O-O 13.Rac1 Re8 14.h3 Bf8 15.Qe3 Qc7 16.Nd4 Rad8
17.Ba3 Qb8 18.Rd2 Nc5 19.Rcd1 Qa8 20.Bxc5 bxc5 21.Nc2 d5 22.exd5 exd5 23.Qg5 d4
24.Bxb7 Qxb7 25.Qf5 Re6 26.Rf1 g6 27.Qf4 Bd6 0-1

[Event "17. Int. Offene Wiener Schachmeisterschaft 2011 A-
[Site "Grosser Festsaal im Wiener Rathaus"]
[Date "2011.08.13"]
[Round "1"]
[Board "1"]
[White "Webersberger, Johann"]
[Black "Berchtold, Clemens"]
[Result "1/2-1/2"]
[WhiteElo "2381"]
[BlackElo "2077"]
[PlyCount "82"]
[EventDate "2011.08.13"]
[EventRounds "9"]
[EventCountry "AUT"]

1.Nf3 Nf6 2.d4 g6 3.c4 Bg7 4.g3 O-O 5.Bg2 d6 6.O-O Nbd7 7.Nc3 e5 8.e3 exd4
9.Nxd4 Nb6 10.b3 c5 11.Nc2 Bg4 12.Qd2 Qd7 13.Bb2 Rad8 14.f3 Be6 15.Rad1 d5
16.Nxd5 Nbxd5 17.cxd5 Qxd5 18.Qc1 Qc6 19.Qa1 Nh5 20.Bxg7 Nxg7 21.Qc3 Qb6 22.Kf2
Nf5 23.g4 Nd6 24.h3 f5 25.Kg1 fxg4 26.hxg4 Nf7 27.Na3 Qc7 28.Rxd8 Rxd8 29.Nc4
Qg3 30.Qe1 Qxe1 31.Rxe1 b5 32.Na3 b4 33.Nb5 Rd7 34.Rc1 a6 35.Rxc5 axb5 36.Rxb5
Rd1+ 37.Kh2 Ra1 38.Rxb4 Rxa2 39.Rb8+ Kg7 40.b4 Rb2 41.Kg3 Bc4 1/2-1/2

[Event "17. Int. Offene Wiener Schachmeisterschaft 2011 A-
[Site "Grosser Festsaal im Wiener Rathaus"]
[Date "2011.08.13"]
[Round "1"]
[Board "1"]
[White "Kluger, Carsten"]
[Black "Lekic, Dusan"]
[Result "0-1"]
[WhiteElo "2077"]
[BlackElo "2378"]
[PlyCount "90"]
[EventDate "2011.08.13"]
[EventRounds "9"]
[EventCountry "AUT"]

1.Nc3 e5 2.Nf3 Nc6 3.d4 exd4 4.Nxd4 Nf6 5.Bg5 Bb4 6.Qd3 h6 7.Bd2 d5 8.Nxc6 bxc6
9.a3 Bd6 10.g3 O-O 11.Bg2 Re8 12.O-O a5 13.Rfe1 Ba6 14.Qf3 d4 15.Na2 Ne4 16.Bf4
c5 17.Bxd6 Qxd6 18.Qf4 Rab8 19.Qxd6 Nxd6 20.b4 Nc4 21.Nc1 cxb4 22.axb4 Rxb4
23.Nd3 Rb6 24.Bd5 Nb2 25.Nxb2 Rxb2 26.Rxa5 Bb5 27.e4 Bd7 28.Rc5 c6 29.Bb3 Bg4
30.Bc4 Bf3 31.Bd3 Reb8 32.Ra5 c5 33.Ra7 Rb1 34.Ra1 Rxa1 35.Rxa1 Kf8 36.Kf1 Rb4
37.Ke1 c4 38.Kd2 cxd3 39.Kxd3 Bg4 40.f4 Bd7 41.Ra8+ Ke7 42.Ra7 g6 43.g4 Ra4
44.Rb7 Kd6 45.h4 Kc6 0-1

[Event "17. Int. Offene Wiener Schachmeisterschaft 2011 A-
[Site "Grosser Festsaal im Wiener Rathaus"]
[Date "2011.08.13"]
[Round "1"]
[Board "1"]
[White "Jakovljevic, Vlado"]
[Black "Spindelberger, Paul"]
[Result "1-0"]
[WhiteElo "2377"]
[BlackElo "2077"]
[PlyCount "55"]
[EventDate "2011.08.13"]
[EventRounds "9"]
[EventCountry "AUT"]

1.Nf3 Nf6 2.c4 e6 3.Nc3 d5 4.d4 c6 5.e3 Nbd7 6.Bd3 dxc4 7.Bxc4 b5 8.Bd3 a6 9.e4
Be7 10.e5 Nd5 11.Nxd5 cxd5 12.O-O O-O 13.Qc2 h6 14.Be3 Bb7 15.Qd2 Re8 16.Rae1
Bf8 17.Bb1 a5 18.Qd3 g6 19.Rc1 b4 20.Qd2 Kh7 21.h4 h5 22.Ng5+ Kg8 23.Nxf7 Kxf7
24.Qd3 Kg8 25.Qxg6+ Bg7 26.Bh6 Re7 27.Qh7+ Kf8 28.Qh8+ 1-0

[Event "17. Int. Offene Wiener Schachmeisterschaft 2011 A-
[Site "Grosser Festsaal im Wiener Rathaus"]
[Date "2011.08.13"]
[Round "1"]
[Board "1"]
[White "Fugger, Christian"]
[Black "Ootes, Lars"]
[Result "0-1"]
[WhiteElo "2074"]
[BlackElo "2376"]
[PlyCount "72"]
[EventDate "2011.08.13"]
[EventRounds "9"]
[EventCountry "AUT"]

1.d4 g6 2.c4 Nf6 3.Nc3 Bg7 4.e4 d6 5.Nf3 O-O 6.Be2 Nbd7 7.O-O e5 8.dxe5 dxe5
9.Qc2 c6 10.Rd1 Re8 11.h3 Nh5 12.Bg5 Qc7 13.Qd2 Bf8 14.Ne1 Nf4 15.Nd3 Ne6 16.Bh6
Be7 17.Bg4 Ndf8 18.Rac1 Nc5 19.Bxc8 Nxd3 20.Qxd3 Raxc8 21.Bxf8 Bxf8 22.b3 Qa5
23.Qc2 Ba3 24.Rb1 Bc5 25.Rd7 Rcd8 26.Rbd1 Rxd7 27.Rxd7 Bd4 28.Nd1 Qe1+ 29.Kh2
Re6 30.Ne3 Bxe3 31.fxe3 Qxe3 32.Rxb7 Rd6 33.Qb1 Rd2 34.Qg1 Qf4+ 35.Kh1 Rf2
36.Rb8+ Kg7 0-1

[Event "17. Int. Offene Wiener Schachmeisterschaft 2011 A-
[Site "Grosser Festsaal im Wiener Rathaus"]
[Date "2011.08.13"]
[Round "1"]
[Board "1"]
[White "Kummer, Helmut"]
[Black "Zojer, Stefan"]
[Result "1/2-1/2"]
[WhiteElo "2362"]
[BlackElo "2073"]
[PlyCount "83"]
[EventDate "2011.08.13"]
[EventRounds "9"]
[EventCountry "AUT"]

1.d4 Nf6 2.c4 g6 3.Nc3 Bg7 4.e4 d6 5.Be2 O-O 6.Bg5 c5 7.d5 b5 8.cxb5 a6 9.a4 Qa5
10.Bd2 Qb4 11.Bd3 Ng4 12.Nf3 c4 13.Be2 axb5 14.axb5 Rxa1 15.Qxa1 Bd7 16.Qa3 Qxa3
17.bxa3 Bxc3 18.Bxc3 Bxb5 19.Nd4 Bd7 20.Nc6 Nxc6 21.dxc6 Be6 22.O-O Rc8 23.f4 f5
24.exf5 gxf5 25.Bxg4 fxg4 26.f5 Bd5 27.Rd1 Bxc6 28.Rd4 h5 29.Rxc4 Bd7 30.Rxc8+
Bxc8 31.f6 exf6 32.Bxf6 Kf7 33.Bc3 Ke6 34.Kf2 Kf5 35.Ke3 g3 36.hxg3 Bb7 37.Bb4
Ke6 38.Kf2 Bc6 39.Kg1 Ke5 40.Kf2 Ke6 41.Bc3 Kf5 42.Bb4 1/2-1/2

[Event "17. Int. Offene Wiener Schachmeisterschaft 2011 A-
[Site "Grosser Festsaal im Wiener Rathaus"]
[Date "2011.08.13"]
[Round "1"]
[Board "1"]
[White "Newrkla, Katharina"]
[Black "Schachinger, Mario"]
[Result "0-1"]
[WhiteElo "2070"]
[BlackElo "2360"]
[PlyCount "70"]
[EventDate "2011.08.13"]
[EventRounds "9"]
[EventCountry "AUT"]

1.e4 e5 2.Nf3 Nc6 3.Bb5 a6 4.Ba4 Nf6 5.O-O Be7 6.Re1 b5 7.Bb3 d6 8.c3 O-O 9.h3
Nb8 10.d4 Nbd7 11.Nbd2 Bb7 12.Bc2 Re8 13.a4 Bf8 14.Bd3 c6 15.b3 g6 16.Bb2 Nh5
17.Bf1 Nf4 18.b4 exd4 19.Nxd4 Bg7 20.g3 Ne6 21.N2b3 Nb6 22.Na5 Qc7 23.axb5 axb5
24.c4 Nxd4 25.Bxd4 Bxd4 26.Qxd4 c5 27.Qd2 Nxc4 28.Nxc4 Rxa1 29.Rxa1 bxc4 30.Ra7
Qb6 31.Qa2 Rxe4 32.Ra8+ Kg7 33.Qa1+ Rd4 34.bxc5 dxc5 35.Rb8 Qc6 0-1

[Event "17. Int. Offene Wiener Schachmeisterschaft 2011 A-
[Site "Grosser Festsaal im Wiener Rathaus"]
[Date "2011.08.13"]
[Round "1"]
[Board "1"]
[White "MacKinnon, Keith"]
[Black "Van Veenendaal, Elmer"]
[Result "0-1"]
[WhiteElo "2201"]
[BlackElo "2069"]
[PlyCount "88"]
[EventDate "2011.08.13"]
[EventRounds "9"]
[EventCountry "AUT"]

1.e4 c6 2.d4 d5 3.e5 Bf5 4.Nf3 e6 5.Be2 Be7 6.O-O Nd7 7.Nbd2 h5 8.Nb3 g5 9.a4 g4
10.Ne1 f6 11.f3 g3 12.hxg3 fxe5 13.f4 Ngf6 14.fxe5 Ng4 15.Bd3 Bh7 16.Bxh7 Rxh7
17.Nd3 Qb6 18.a5 Qa6 19.Nf4 c5 20.Nxh5 Rxh5 21.Qxg4 Rh1+ 22.Kxh1 Qxf1+ 23.Kh2
O-O-O 24.Bg5 Rh8+ 25.Bh4 Qf7 26.Kg1 Bxh4 27.gxh4 Rg8 28.Qh3 c4 29.Rf1 Qg6 30.Nc5
Qxc2 31.Nxd7 Kxd7 32.Rf7+ Kd8 33.Rxb7 Qd1+ 34.Kh2 Rg4 35.Rxa7 Qxd4 36.Ra8+ Kc7
37.Ra7+ Kb8 38.Rh7 Qxe5+ 39.Kg1 Qe1+ 40.Kh2 Qe5+ 41.Kg1 Rg3 42.Qh1 Re3 43.Rf7
Re1+ 44.Rf1 Qd4+ 0-1

[Event "17. Int. Offene Wiener Schachmeisterschaft 2011 A-
[Site "Grosser Festsaal im Wiener Rathaus"]
[Date "2011.08.14"]
[Round "2"]
[Board "1"]
[White "Khenkin, Igor"]
[Black "Liedl, Wolfgang"]
[Result "1-0"]
[WhiteElo "2620"]
[BlackElo "2213"]
[PlyCount "45"]
[EventDate "2011.08.13"]
[EventRounds "9"]
[EventCountry "AUT"]

1.d4 Nf6 2.c4 g6 3.Nc3 d5 4.cxd5 Nxd5 5.e4 Nxc3 6.bxc3 Bg7 7.Nf3 c5 8.Be3 Qa5
9.Qd2 Nc6 10.Rb1 a6 11.Rc1 Bg4 12.d5 Rd8 13.Be2 O-O 14.O-O e6 15.Rfd1 exd5
16.exd5 Bxf3 17.Bxf3 c4 18.Qb2 Ne5 19.Bb6 Qa4 20.Bxd8 Nxf3+ 21.gxf3 Rxd8 22.Qxb7
Qxa2 23.Qe7 1-0

[Event "17. Int. Offene Wiener Schachmeisterschaft 2011 A-
[Site "Grosser Festsaal im Wiener Rathaus"]
[Date "2011.08.14"]
[Round "2"]
[Board "1"]
[White "Buhmann, Rainer"]
[Black "Muehlenhaus, Sven"]
[Result "1-0"]
[WhiteElo "2582"]
[BlackElo "2181"]
[PlyCount "63"]
[EventDate "2011.08.13"]
[EventRounds "9"]
[EventCountry "AUT"]

1.Nf3 Nf6 2.c4 e6 3.g3 b6 4.Bg2 Bb7 5.O-O c5 6.Nc3 Be7 7.Re1 O-O 8.e4 d6 9.d4
cxd4 10.Nxd4 Qc8 11.Be3 a6 12.Rc1 Nbd7 13.f4 Rb8 14.Bf2 Qc7 15.Qe2 Rfc8 16.b3
Nf8 17.f5 e5 18.Nc2 b5 19.Nd5 Nxd5 20.exd5 Qa5 21.Nd4 bxc4 22.Nc6 Bxc6 23.dxc6
cxb3 24.axb3 Qb5 25.Ra1 h6 26.Rxa6 Nh7 27.Qxb5 Rxb5 28.Rb6 Rxb6 29.Bxb6 Nf6
30.b4 d5 31.b5 e4 32.Bd4 1-0

[Event "17. Int. Offene Wiener Schachmeisterschaft 2011 A-
[Site "Grosser Festsaal im Wiener Rathaus"]
[Date "2011.08.14"]
[Round "2"]
[Board "1"]
[White "Bachofner, Andreas"]
[Black "Degraeve, Jean-Marc"]
[Result "0-1"]
[WhiteElo "2208"]
[BlackElo "2574"]
[PlyCount "110"]
[EventDate "2011.08.13"]
[EventRounds "9"]
[EventCountry "AUT"]

1.Nf3 g6 2.d4 Bg7 3.e4 c5 4.c3 cxd4 5.cxd4 d5 6.e5 Bg4 7.Nc3 Nc6 8.Bb5 Rc8 9.h3
Bxf3 10.Qxf3 e6 11.O-O Nge7 12.Bg5 O-O 13.Bxc6 Rxc6 14.Rac1 Qd7 15.Ne2 Rfc8
16.Qd3 Rxc1 17.Rxc1 Rxc1+ 18.Bxc1 Qa4 19.Nc3 Qb4 20.a3 Qb3 21.Qb5 Qxb5 22.Nxb5
Nc6 23.Be3 Bf8 24.Kf1 f6 25.f4 Kf7 26.Ke2 a6 27.Nc3 g5 28.g3 gxf4 29.gxf4 Kg6
30.Kf3 Be7 31.Na4 b5 32.Nc3 Bd8 33.Ne2 Bb6 34.Bf2 Na5 35.Be3 Nb3 36.Kg4 a5
37.exf6 h5+ 38.Kh4 Bd8 39.f5+ Kxf5 40.Ng3+ Kg6 41.Nxh5 Bb6 42.Nf4+ Kxf6 43.Ne2
Kf5 44.Ng3+ Kg6 45.Ne2 e5 46.Kg4 Kf7 47.Kf5 exd4 48.Bg5 d3 49.Nc3 Bd4 50.Nd1 a4
51.Be3 Bxe3 52.Nxe3 Na5 53.Nd1 Nc4 54.Kf4 b4 55.axb4 Nxb2 0-1

[Event "17. Int. Offene Wiener Schachmeisterschaft 2011 A-
[Site "Grosser Festsaal im Wiener Rathaus"]
[Date "2011.08.14"]
[Round "2"]
[Board "1"]
[White "Hertneck, Gerald"]
[Black "Wiedermann, Daniel"]
[Result "1-0"]
[WhiteElo "2551"]
[BlackElo "2209"]
[PlyCount "81"]
[EventDate "2011.08.13"]
[EventRounds "9"]
[EventCountry "AUT"]

1.d4 Nf6 2.c4 g6 3.Nc3 Bg7 4.e4 d6 5.f3 O-O 6.Be3 c5 7.Nge2 Qa5 8.Qd2 Nc6
9.O-O-O a6 10.dxc5 dxc5 11.Kb1 Rd8 12.Nd5 Qxd2 13.Rxd2 Nd7 14.Nc1 e6 15.Nc3 Nd4
16.Nb3 e5 17.Nd5 b6 18.h4 h5 19.Be2 Rb8 20.Bxd4 exd4 21.Ne7+ Kf8 22.Nc6 Bb7
23.Nxb8 Rxb8 24.Nc1 Ne5 25.Rc2 Bc8 26.Nd3 Nxd3 27.Bxd3 Be5 28.Kc1 Be6 29.Kd2 Rc8
30.Ke2 b5 31.b3 b4 32.Kf2 a5 33.a3 bxa3 34.Ra1 Rb8 35.Rxa3 Bc7 36.g3 Rb4 37.f4
Bd7 38.Rca2 Kg7 39.Bc2 a4 40.bxa4 Rxc4 41.a5 1-0

[Event "17. Int. Offene Wiener Schachmeisterschaft 2011 A-
[Site "Grosser Festsaal im Wiener Rathaus"]
[Date "2011.08.14"]
[Round "2"]
[Board "1"]
[White "Todor, Razvan"]
[Black "Polak, Tomas"]
[Result "0-1"]
[WhiteElo "2201"]
[BlackElo "2540"]
[PlyCount "62"]
[EventDate "2011.08.13"]
[EventRounds "9"]
[EventCountry "AUT"]

1.d4 Nf6 2.Nf3 b6 3.Bf4 Bb7 4.Nbd2 c5 5.e3 Nc6 6.c3 e6 7.h3 Be7 8.Bd3 O-O 9.O-O
cxd4 10.cxd4 Nd5 11.Bh2 f5 12.a3 a6 13.Rc1 b5 14.Bb1 Qe8 15.Ba2 Nf6 16.Qc2 Kh8
17.Ne1 Rc8 18.Qd1 Qg6 19.f3 Qh6 20.Nc2 Na5 21.Qe2 Bd5 22.Bf4 g5 23.Bxd5 gxf4
24.Ba2 Nh5 25.Rfd1 fxe3 26.Qxe3 Bg5 27.Qe5+ Bf6 28.Qe1 Rg8 29.Nf1 Nf4 30.Nfe3
Nxh3+ 31.Kf1 Nf4 0-1

[Event "17. Int. Offene Wiener Schachmeisterschaft 2011 A-
[Site "Grosser Festsaal im Wiener Rathaus"]
[Date "2011.08.14"]
[Round "2"]
[Board "1"]
[White "Gerstner, Bernhard"]
[Black "Hera, Imre"]
[Result "0-1"]
[WhiteElo "2200"]
[BlackElo "2536"]
[PlyCount "50"]
[EventDate "2011.08.13"]
[EventRounds "9"]
[EventCountry "AUT"]

1.d4 Nf6 2.c4 e6 3.Nc3 Bb4 4.Qc2 c5 5.dxc5 O-O 6.a3 Bxc5 7.Nf3 b6 8.Bf4 Nh5
9.Bg3 Bb7 10.Rd1 f5 11.e3 f4 12.Bd3 h6 13.Bh7+ Kh8 14.Ne5 fxg3 15.hxg3 Qg5
16.Ng6+ Kxh7 17.Nxf8+ Kg8 18.Qg6 Bxf8 19.Qxg5 hxg5 20.Rxh5 Bxg2 21.Rxg5 Be7
22.Rb5 Bc6 23.Rb3 Na6 24.Nb5 Bf6 25.Rd2 Nc5 0-1

[Event "17. Int. Offene Wiener Schachmeisterschaft 2011 A-
[Site "Grosser Festsaal im Wiener Rathaus"]
[Date "2011.08.14"]
[Round "2"]
[Board "1"]
[White "Ulibin, Mikhail"]
[Black "Frindt, Kornel"]
[Result "1-0"]
[WhiteElo "2538"]
[BlackElo "2209"]
[PlyCount "115"]
[EventDate "2011.08.13"]
[EventRounds "9"]
[EventCountry "AUT"]

1.d4 Nf6 2.c4 g6 3.Nc3 Bg7 4.e4 d6 5.Nf3 O-O 6.Be2 e5 7.O-O Nc6 8.d5 Ne7 9.Nd2
a5 10.a3 Nd7 11.Rb1 f5 12.b4 Nf6 13.f3 axb4 14.axb4 g5 15.c5 Ng6 16.Nc4 Nf4
17.Bxf4 exf4 18.exf5 Bxf5 19.Bd3 Bc8 20.Bc2 Ne8 21.Qd2 Bxc3 22.Qxc3 Qf6 23.Qd2
Bf5 24.Be4 Ng7 25.Rfe1 Rfe8 26.Na5 Ra7 27.Nb3 Rea8 28.Qd4 Kf7 29.cxd6 cxd6
30.Rbc1 b5 31.Qxf6+ Kxf6 32.Rc6 Bxe4 33.Rxd6+ Ke5 34.Rb6 Ra3 35.Rxe4+ Kxd5
36.Rd4+ Ke5 37.Re4+ Kd5 38.Rxb5+ Kd6 39.Nd4 Ra1+ 40.Kf2 R1a2+ 41.Ne2 Re8 42.Rxg5
Rxe4 43.fxe4 Ne6 44.Rd5+ Ke7 45.b5 Rb2 46.Kf3 Rb3+ 47.Kg4 Re3 48.Nxf4 Rxe4 49.g3
Nxf4 50.gxf4 Kf6 51.Rd6+ Kg7 52.Kg5 Rb4 53.Rd7+ Kg8 54.Rb7 Rd4 55.f5 Rd6 56.b6
h6+ 57.Kf4 Rd2 58.Rc7 1-0

[Event "17. Int. Offene Wiener Schachmeisterschaft 2011 A-
[Site "Grosser Festsaal im Wiener Rathaus"]
[Date "2011.08.14"]
[Round "2"]
[Board "1"]
[White "Bezuch, Martin"]
[Black "Petrov, Marijan"]
[Result "0-1"]
[WhiteElo "2198"]
[BlackElo "2534"]
[PlyCount "100"]
[EventDate "2011.08.13"]
[EventRounds "9"]
[EventCountry "AUT"]

1.e4 c5 2.Nf3 Nc6 3.Nc3 e5 4.Bc4 d6 5.d3 Be7 6.O-O h6 7.Nd5 Nf6 8.h3 O-O 9.a3 a6
10.Ba2 b5 11.Re1 Bb7 12.Nh2 Nd4 13.Nxf6+ Bxf6 14.c3 Nc6 15.Qh5 Qe7 16.Ng4 Bg5
17.Ne3 Qd8 18.Nf5 Bxc1 19.Raxc1 Ne7 20.Re3 Nxf5 21.Qxf5 Bc8 22.Qh5 Qe7 23.Rg3
Kh7 24.Rf1 g6 25.Qe2 Qh4 26.Qe3 Be6 27.Bb1 f5 28.exf5 gxf5 29.f4 Rg8 30.Rxg8
Rxg8 31.d4 Rg3 32.Qd2 e4 33.dxc5 dxc5 34.Kh2 Rg7 35.Qf2 Qxf2 36.Rxf2 Rd7 37.Bc2
Bc4 38.b3 Bd3 39.Rd2 c4 40.bxc4 bxc4 41.Bd1 Rb7 42.Kg3 Rb1 43.Kf2 Rc1 44.Ke3
Rxc3 45.Kd4 Rc1 46.Ba4 c3 47.Ra2 h5 48.g4 c2 49.Kc3 hxg4 50.hxg4 fxg4 0-1

[Event "17. Int. Offene Wiener Schachmeisterschaft 2011 A-
[Site "Grosser Festsaal im Wiener Rathaus"]
[Date "2011.08.14"]
[Round "2"]
[Board "1"]
[White "Stanec, Nikolaus"]
[Black "Holzer, Gerhard"]
[Result "1-0"]
[WhiteElo "2536"]
[BlackElo "2203"]
[PlyCount "71"]
[EventDate "2011.08.13"]
[EventRounds "9"]
[EventCountry "AUT"]

1.d4 Nf6 2.Nf3 g6 3.c4 Bg7 4.Nc3 O-O 5.e4 d6 6.Be2 e5 7.d5 Nbd7 8.Bg5 h6 9.Bh4
Re8 10.Nd2 Nf8 11.f3 c5 12.Rb1 g5 13.Bf2 Ng6 14.g3 Rf8 15.Nf1 Bd7 16.Ne3 Qc8
17.b4 cxb4 18.Rxb4 Ne8 19.Qb1 b6 20.Nf5 Bxf5 21.exf5 e4 22.Nxe4 Qxf5 23.O-O Qd7
24.Rb3 Nc7 25.Bd3 Ne5 26.Kg2 Na6 27.Nd2 f5 28.Re1 Rac8 29.Bf1 Nc5 30.Bxc5 Rxc5
31.Rbe3 f4 32.Re4 Qf7 33.Be2 Qc7 34.Nb3 Rxc4 35.Bxc4 Nxc4 36.Re7 1-0

[Event "17. Int. Offene Wiener Schachmeisterschaft 2011 A-
[Site "Grosser Festsaal im Wiener Rathaus"]
[Date "2011.08.14"]
[Round "2"]
[Board "1"]
[White "Gozzoli, Yannick"]
[Black "Zoldan, Matteo"]
[Result "1-0"]
[WhiteElo "2532"]
[BlackElo "2200"]
[PlyCount "71"]
[EventDate "2011.08.13"]
[EventRounds "9"]
[EventCountry "AUT"]

1.d4 Nf6 2.c4 g6 3.Nc3 Bg7 4.e4 d6 5.Nf3 O-O 6.h3 e5 7.d5 Na6 8.Bg5 h6 9.Be3 Nc5
10.Nd2 a5 11.g4 c6 12.a3 a4 13.Be2 Qa5 14.Kf1 Bd7 15.h4 cxd5 16.cxd5 b5 17.g5
hxg5 18.hxg5 Nh7 19.Kg2 f5 20.exf5 Bxf5 21.Qg1 Qd8 22.Qh2 Nxg5 23.Qh4 Nge6
24.dxe6 Nxe6 25.Qxd8 Rfxd8 26.Nd5 Nf4+ 27.Bxf4 exf4 28.Ne7+ Kf8 29.Nxf5 gxf5
30.Rab1 Rab8 31.Rh5 Be5 32.Nf3 Ke7 33.Bd3 b4 34.Re1 bxa3 35.bxa3 Rb3 36.Bc4 1-0

[Event "17. Int. Offene Wiener Schachmeisterschaft 2011 A-
[Site "Grosser Festsaal im Wiener Rathaus"]
[Date "2011.08.14"]
[Round "2"]
[Board "1"]
[White "Milekic, Daniel"]
[Black "Shengelia, David"]
[Result "0-1"]
[WhiteElo "2197"]
[BlackElo "2513"]
[PlyCount "157"]
[EventDate "2011.08.13"]
[EventRounds "9"]
[EventCountry "AUT"]

1.d4 Nf6 2.c4 e6 3.Nc3 Bb4 4.Qc2 O-O 5.a3 Bxc3+ 6.Qxc3 b6 7.Bg5 Bb7 8.e3 d6
9.Ne2 Nbd7 10.Qc2 c5 11.Rd1 Rc8 12.Nc3 cxd4 13.Rxd4 Rc5 14.Bh4 Qb8 15.Qd1 Qa8
16.f3 d5 17.cxd5 Nxd5 18.Nxd5 Rxd5 19.e4 Rxd4 20.Qxd4 Qc8 21.Bb5 Bc6 22.Be2 f6
23.O-O Nc5 24.Rd1 Ba4 25.Rc1 Rd8 26.Qc4 Qd7 27.Be1 Nb3 28.Rc3 Nd4 29.Bf1 Bb5
30.Qc7 Qe8 31.Qxa7 Bxf1 32.Rc7 Qg6 33.Kxf1 Nb5 34.Qxb6 Nxc7 35.Qxc7 Qe8 36.Bc3
Qb5+ 37.Kf2 Qd3 38.a4 h5 39.h4 Kh7 40.Kg3 Rd7 41.Qc6 e5 42.a5 Qd1 43.Qe6 Rd8
44.Qe7 Kh6 45.Qc7 Rg8 46.Qf7 Rd8 47.Qe7 Qd3 48.Qc7 Rd6 49.Qe7 Rd8 50.Qc7 Rg8
51.Qf7 Rb8 52.Qc7 Qb5 53.Qf7 Rd8 54.Qe7 Rd1 55.Qf8 Qd7 56.Qb8 Kh7 57.a6 Ra1
58.Qb7 Qe6 59.a7 Qa2 60.Qc8 Qxa7 61.Qf5+ Kg8 62.Qxh5 Qd7 63.Qg6 Rh1 64.Bb4 Qh3+
65.gxh3 Rg1+ 66.Kf2 Rxg6 67.Bd2 f5 68.Bc3 fxe4 69.fxe4 Re6 70.Kf3 Kf7 71.Kg4 Kf6
72.Bd2 Rd6 73.Bc3 Rd3 74.h5 Re3 75.h6 Rxe4+ 76.Kf3 Rf4+ 77.Kg3 g5 78.h7 Rh4
79.Kg2 0-1

[Event "17. Int. Offene Wiener Schachmeisterschaft 2011 A-
[Site "Grosser Festsaal im Wiener Rathaus"]
[Date "2011.08.14"]
[Round "2"]
[Board "1"]
[White "Krivoborodov, Egor"]
[Black "Chlost, Marlena"]
[Result "1-0"]
[WhiteElo "2507"]
[BlackElo "2198"]
[PlyCount "71"]
[EventDate "2011.08.13"]
[EventRounds "9"]
[EventCountry "AUT"]

1.e4 c5 2.Nf3 d6 3.d4 cxd4 4.Nxd4 Nf6 5.Nc3 a6 6.Bg5 e6 7.f4 Be7 8.Qf3 h6 9.Bh4
Qc7 10.O-O-O Nbd7 11.Bd3 g5 12.fxg5 Ne5 13.Qe2 Nfg4 14.Nf3 Nxf3 15.Qxf3 hxg5
16.Bg3 Ne5 17.Bxe5 dxe5 18.Rhf1 Rh7 19.h4 gxh4 20.Qg4 Bf8 21.Nb5 axb5 22.Bxb5+
Bd7 23.Bxd7+ Qxd7 24.Rxd7 Kxd7 25.Kb1 Bd6 26.Qf3 Rd8 27.Qb3 Kc8 28.a4 Bc7 29.Qb5
Kb8 30.a5 Ka7 31.Rf3 Rd1+ 32.Ka2 Rd6 33.Rb3 b6 34.axb6+ Rxb6 35.Ra3+ Kb7 36.Qe8 1-0

[Event "17. Int. Offene Wiener Schachmeisterschaft 2011 A-
[Site "Grosser Festsaal im Wiener Rathaus"]
[Date "2011.08.14"]
[Round "2"]
[Board "1"]
[White "Ranits, Franz"]
[Black "Timoscenko, Gennadij"]
[Result "1/2-1/2"]
[WhiteElo "2196"]
[BlackElo "2502"]
[PlyCount "59"]
[EventDate "2011.08.13"]
[EventRounds "9"]
[EventCountry "AUT"]

1.e4 e5 2.Bc4 Nf6 3.Nc3 Nc6 4.d3 Na5 5.Nf3 d6 6.h3 Be7 7.Bg5 c6 8.Qd2 O-O 9.O-O
h6 10.Bxf6 Bxf6 11.Bb3 Nxb3 12.axb3 d5 13.exd5 cxd5 14.d4 e4 15.Ne5 Be6 16.f4
exf3 17.Rxf3 a5 18.Raf1 Bxe5 19.dxe5 d4 20.Ne4 Qc7 21.Nf6+ Kh8 22.Qd3 g6 23.Qxd4
Qxc2 24.h4 Rad8 25.Qf4 Kg7 26.Rg3 Qe2 27.Rff3 Qd2 28.Nh5+ Kh7 29.Nf6+ Kg7
30.Nh5+ 1/2-1/2

[Event "17. Int. Offene Wiener Schachmeisterschaft 2011 A-
[Site "Grosser Festsaal im Wiener Rathaus"]
[Date "2011.08.14"]
[Round "2"]
[Board "1"]
[White "Rombaldoni, Denis"]
[Black "Lechner, Daniel"]
[Result "1-0"]
[WhiteElo "2495"]
[BlackElo "2198"]
[PlyCount "63"]
[EventDate "2011.08.13"]
[EventRounds "9"]
[EventCountry "AUT"]

1.Nf3 Nf6 2.g3 g6 3.Bg2 Bg7 4.O-O O-O 5.d3 c5 6.e4 Nc6 7.h3 d6 8.Nc3 Rb8 9.Be3
b5 10.e5 dxe5 11.Bxc5 Qc7 12.a3 Rd8 13.Re1 a5 14.a4 bxa4 15.Ba3 Bd7 16.Qc1 Be8
17.Nxa4 Nd5 18.Nc3 Nxc3 19.bxc3 e4 20.Rxe4 Bxc3 21.Rb1 Rxb1 22.Qxb1 Bf6 23.Rc4
Rb8 24.Qc1 Qb6 25.Qf4 Qd8 26.h4 Rb5 27.Bh3 e6 28.Kh2 Ne5 29.Nxe5 Bxe5 30.Qe3 Qb8
31.d4 Bc7 32.Qc3 1-0